000 00569nam a2200217 a 4500
001 nice12345678
003 IN_TiNIC
005 20260116015329.0
008 090320s2002 riya grp 000 0 eng
020 _a
_c100
082 0 0 _a323.30297
_bAAY
100 _aAayed, Saleh Hussain
245 _aRights of Non-Muslims in the Islamic World
260 _aRiyadh, KSA
_bDar Eshbekia for Pub.& Dist
_c2002
300 _a80p
500 _aincludes index and biblioraphy
650 _aMinorities-Islamic State
902 _bSRS
942 _cBK
999 _c19268
_d19268